Da cuore a cuore : come amare e amarsi: manuale er una vita di coppia felice /

Uloženo v:
Podrobná bibliografie
Hlavní autor: Attorre, Francesco
Médium: Kniha
Jazyk:italština
Vydáno: Ardea : Galassiarte, 2012
Edice:Noi e gli altri ; 1
Tagy: Přidat tag
Žádné tagy, Buďte první, kdo vytvoří štítek k tomuto záznamu!

MARC

LEADER 00000nam a22000007i 4500
001 IT\ICCU\RML\0344186
003 ItRI
005 20240305174150.0
008 121214s2012 it |||||| ||||| |||||c
020 |a 9788897695486 
040 |b ita  |c GP 
041 7 |a ita  |2 ISO-639-2 
100 1 |a Attorre, Francesco  |0 IT\ICCU\PALV\059775 
245 1 0 |a Da cuore a cuore :  |b come amare e amarsi: manuale er una vita di coppia felice /  |c Francesco Attorre. 
260 |a Ardea :  |b Galassiarte,  |c 2012 
300 |a 123 p. ;  |c 21 cm 
830 0 |a Noi e gli altri ;  |v 1  |0 IT\ICCU\BVE\0649286 
942 |2 ddc  |c BK 
952 |0 0  |1 0  |2 ddc  |4 0  |6 853_920000000000000_ATT  |7 1  |9 843  |a RM  |b RM  |d 2024-03-05  |l 0  |o 853.92 ATT  |p 382  |r 2024-03-05 17:42:16  |w 2024-03-05  |y BK 
981 1 |6 z01  |a i   |b xxxe  
982 1 |6 z01  |a n 
999 |c 801  |d 801